00711nam a2200133Ia 4500008004100000100002900041245028700070260004300357300001800400650001500418856005200433999001900485952007300504160712s9999 xx 000 0 und d aHechanova, Ma. Regina M. cMa. Regina M. Hechanova / Lynn C. Waelde / Pierce S. Docena / Liane Peña Alampay / Arsenio S. Alianan / Mary Jane B. Flores / Pia Anna P. Ramos / Maria Isabel E. MelgaraThe Development and Initial Evaluation of Katatagan: A Resilience Intervention for Filipino Disaster Survivors c2015bPhilippine Journal of Psychology avol. 48 no. 2 xPSYCHOLOGY uhttp://www.pap.org.ph/?ctr=page&action=journals c297138d297138 001040aCLbCLd2016-07-12l0r2016-07-12 00:00:00w2016-07-12yFEJ